Hotels from around the World - Statistics

General Stats
  • This quiz has been taken 57 times
    52 since last reset
  • The average score is 14 of 18
Answer Stats
Picture Answer % Correct
United Kingdom
100%
Italy
93%
France
91%
Morocco
91%
United States
91%
Egypt
88%
Japan
88%
Monaco
88%
Greece
86%
Singapore
86%
Finland
84%
Iceland
84%
United Arab Emirates
84%
Australia
81%
India
63%
Brazil
58%
Mexico
58%
Sweden
23%
No matching quizzes found
Score Distribution
Percent of People with Each Score
Percentile by Number Answered
Your Score History
You have not taken this quiz since the last reset